| 000 | 00827nam a2200253 4500 | ||
|---|---|---|---|
| 003 | LK-CoMWRAF | ||
| 005 | 20231207113046.0 | ||
| 008 | 231207b2008 |||||||| |||| 00| 0 eng d | ||
| 020 | _a9789068326468 | ||
| 040 |
_aLK-CoMWRAF _dLK-CoMWRAF _eLK-CoMWRAF |
||
| 041 | _aeng | ||
| 082 |
_a338.96 _bHEE |
||
| 100 | _a Heemskerk, W. | ||
| 245 |
_aOutsourcing agricultural advisory services : _b enhancing rural innovation in Sub-Saharan Africa |
||
| 260 |
_aAmsterdam: _bRoyal Tropical Institute, _c2008 |
||
| 300 | _a149 p. ; 25 cm. | ||
| 490 |
_aBulletin _v380 |
||
| 650 | _aAgricultural extension work Africa, Sub-Saharan | ||
| 650 | _aAgricultural innovations | ||
| 700 | _aNederlof, Suzanne | ||
| 700 | _aWennink, Bertus | ||
| 856 | _uhttps://www.kit.nl/wp-content/uploads/2018/08/1433_Bull380-web.pdf | ||
| 942 | _cBK | ||
| 999 |
_c4302 _d4302 |
||